000 00732nam a2200253Ia 4500
003 OSt
005 20221006142901.0
006 a|||||r|||| 00| 0
007 ta
008 221006b |||||||| |||| 00| 0 eng d
020 _a0804715408
_c
_38.00(each)
024 _a7,443
037 _cTextual
040 _aEASL
_cEASL
_beng
041 _2eng
_aeng
082 _aV42.J9, M9-;1
100 _aMASS Jeffrey P
_9440865
245 0 _aLordship and inheritance in early medieval Japan
_b A study of the Kamakura Soryo system
260 _aStanford
_bStanford University Press
_c1989
300 _a332p.
_ccm.
490 _v JEL
942 _hV42.J9, M9-;1
_cTEXL
_2CC
999 _c1075529
_d1075529